000 00643nam a2200229Ia 4500
003 OSt
005 20220923230255.0
006 a|||||r|||| 00| 0
007 ta
008 Pun
024 _a279,065
037 _cTextual
040 _aARTS
_cARTS
_bPun
041 _2Pun
_aPun
082 _aO153,1N343x, N4
100 _aਬਰਠਾਕੁਰ, ਇੰਦਰਜੀਤ ਕੌਰ
245 0 _aਚੁੱਪ ਦੀ ਆਵਾਗ਼
260 _c1994
650 _aਪੰਜਾਬੀ ਸਾਹਿਤ
942 _hO153,1N343x, N4
_cTEXL
_2CC
999 _c383614
_d383614